000 00754nam a2200289Ia 4500
005 20260324121024.0
008 008 260324s9999 xx 000 0 eng d
020 _a9781315852577
037 _aEBOOK
040 _aCRL
040 _beng
040 _cCRL
041 _2eng
041 _aeng
084 _qCRL
100 _aHans Blotevogel; Panagiotis Getimis; Mario Reimer
_91160883
245 0 _aSpatial Planning Systems and Practices in Europe
245 2 _bA Comparative Perspective on Continuity and Changes
260 _bTaylor and Francis
260 _c2014
365 _a
365 _b300
856 _uhttp://www.taylorfrancis.com/books/9781315852577
942 _cEBOOK
999 _c1752726
_d1752726